000 00976nam a2200253 i 4500
001 181403
003 ES-MaACL
005 20231010122642.0
008 130114s1996 sp | |||| ||spa d
020 _a84-920546-4-6
080 _a821.134.2-32"19"
100 1 _aAub, Max,
_d1903-1972
_923783
245 1 0 _aGeografía
_b; Prehistoria, 1928 /
_cMax Aub ; edición crítica, prefacio y notas de Ignacio Soldevilla Durante ; prólogo de Francisco José Tortajada Agustí.
260 _aSegorbe :
_bAyuntamiento de Segorbe,
_c[1996] (
_eSegorbe :
_fGráf. Samuel)
300 _a118 p. :
_bil. ;
_c18 cm.
490 1 _aBiblioteca "Max Aub" ;
_v4
700 1 _aSoldevilla Durante, Ignacio.
_9107115
700 1 _aTortajada Agustí, Francisco José.
_9152046
740 0 0 _aPrehistoria, 1928.
830 0 _aBiblioteca "Max Aub" ;
_v4
_9191028
852 _aES-MaACL
_jA-12415
_9188303
_bR.147064
_cDEPO1
_dOlim: N-5420
942 _2udc
_cMONOGRAFIA
999 _c181403
_d181403